| 000 | 01339nam0a2200337 4500 | ||
|---|---|---|---|
| 001 | RU\NLR\bibl\547676 | ||
| 005 | 20260405085515.0 | ||
| 010 |
_a5-8183-0752-2 _95000 |
||
| 021 |
_aRU _b2004-42061 _92087 |
||
| 035 | _a(NLR Aleph) 000539874 | ||
| 090 |
_a1406123 _c1406123 |
||
| 100 | _a20040830d2004 |||y0rusy50 ca | ||
| 101 | 1 |
_arus _ceng |
|
| 102 | _aRU | ||
| 105 | _ay ||||||||| | ||
| 200 | 1 |
_aТантрический секс _fРичард Крейз _g[Пер. с англ. Т. Новиковой] |
|
| 210 |
_aМ. _cГранд _cФаир-пресс _d2004 |
||
| 215 |
_a183, [1] с. _d21 |
||
| 300 | _aЗагл. и авт. ориг.: Tantric sex / Richard Craze | ||
| 454 | 0 |
_12001#$aTantric sex _1700#1$3RU\NLR\auth\7731457$7ba$aCraze$bR.$gRichard$4070 _tTantric sex _aCraze, Richard |
|
| 606 | 0 |
_aСексуальные отношения _jПопулярная литература _92144788 _3RU\NLR\auth\661292279 |
|
| 606 | 0 |
_aСексуальные отношения _jПопулярные издания _92144788 _3RU\NLR\auth\661292279 |
|
| 686 | _aР702я9 | ||
| 686 | _aС550.53я9 | ||
| 700 | 1 |
_4070 _8rus _7ca _aКрейз _bР. _gРичард _3RU\NLR\auth\7731456 _914466 |
|
| 801 | 0 |
_aRU _bNLR _c20040830 _gPSBO |
|
| 801 | 1 |
_aRU _bNLR _c20040830 |
|
| 942 | _cBOOK | ||
| 980 | _aNB | ||
| 980 | _aSUPPRESS | ||